Diario de Campo : Boletín Interno de los Investigadores del Area de Antropología : época 1, número 102, 2009 /
Guardado en:
| Otros autores: | |
|---|---|
| Formato: | Libro |
| Idioma: | Español |
| Publicado: |
México :
INAH,
2009
|
| Colección: | (Diario de Campo ;
1/102) |
| Temas: | |
| Etiquetas: |
Sin etiquetas, Sé el primero en etiquetar este registro!
|
MARC
| LEADER | 00000nam^a2200000^a^4500 | ||
|---|---|---|---|
| 001 | 000631642 | ||
| 005 | 20260514000000.0 | ||
| 009 | 20260526154610.909 | ||
| 022 | |a 2007-6851 | ||
| 037 | |a Acervo ITESO - Biblioteca | ||
| 041 | |a GRA | ||
| 041 | |a ESP | ||
| 082 | |a 300. 5 |b DIA S. 1 V. 102 | ||
| 240 | 1 | 1 | |a [Diario de Campo] |
| 240 | 1 | 1 | |a [Diario de Campo: Boletín Interno de los Investigadores del Area de Antropología] |
| 245 | 0 | 0 | |a Diario de Campo : |b Boletín Interno de los Investigadores del Area de Antropología : época 1, número 102, 2009 / |c Dir. de G. Artís |
| 264 | 1 | |a México : |b INAH, |c 2009 | |
| 300 | |a 127 p. | ||
| 336 | |a texto |b txt |2 rdacontenido | ||
| 337 | |a sin mediación |b n |2 rdamedio | ||
| 338 | |a volumen |b nc |2 rdasoporte | ||
| 440 | 1 | |a (Diario de Campo ; |v 1/102) | |
| 546 | |a Edición gráfica con texto en español | ||
| 649 | |a XX | ||
| 650 | |a Antropología - |x Publicaciones Periódicas - |x Tema Principal | ||
| 650 | |a Publicaciones Periódicas Mexicanas | ||
| 650 | |a Publicaciones Periódicas | ||
| 700 | |a Artís, Gloria |e (dirección) | ||
| 910 | |a Fondo Castillo-Martínez | ||
| 920 | |a Impresos - Libros | ||
| 930 | |a Fondos Especiales | ||
| 905 | |a 127 | ||
| 901 | |a 631750-10 |b IT2 |c ESP |i D125060 |u 20260514 | ||
| 902 | |a https://opac.biblio.iteso.mx/vufind/Record/000631642 | ||